Normale Ansicht MARC-Ansicht ISBD

Something to live for (Titelsatznr. 66292)

[ MARC ]
MARC-Details
000 -Satzkennung
Kontrollfeld mit fester Länge 01812nad a2200325 a 4500
001 - Kontrollnummer
Kontrollfeld MIU01000000000000012809461
003 - Kontrollnummer Identifier
Kontrollfeld MiU
005 - Datum und Zeit der letzten Transaktion
Kontrollfeld 20231010141229.0
007 - Feld mit fester Länge zur physischen Beschreibung - Allgemeine Information
Kontrollfeld mit fester Länge cr mnummmmuuuu
008 - Feld mit fester Länge zur physischen Beschreibung - Allgemeine Angaben
Kontrollfeld mit fester Länge 020429s2002 nyua bk 001 0deng
024 7# - Anderer Standardidentifier
Standardnummer oder Code 2027/heb05617
Quelle der Nummer oder des Codes hdl
040 ## - Katalogisierungsquelle
Original-Katalogisierungsstelle NyNyACL
Übertragungsstelle NyNyACL
090 ## - LOCALLY ASSIGNED LC-TYPE CALL NUMBER (OCLC); LOCAL CALL NUMBER (RLIN)
Notation (OCLC) (R) ; Notation, CALL (RLIN) (NR) ML410.S9325
Local cutter number (OCLC) ; Book number/undivided call number, CALL (RLIN) (INTERNET)
041 ## - Sprachcode
Sprachcode des Textes/der Tonspur oder des separaten Titels eng
100 1# - Haupteintragung - Personenname
Personenname Leur, Walter van de.
Koha-Normdatenidentnummer 41502
245 10 - Titel
Titel Something to live for
Medium [electronic resource] :
Zusatz zum Titel the music of Billy Strayhorn /
Verfasserangabe etc. Walter van de Leur.
264 ## - Produktion, Veröffentlichung, Distribution, Herstellung und Urheberrechtsvermerk
Herstellungs-, Veröffentlichungs- Vertriebs-, Erzeugungsort New York :
Produzent, Herausgeber, Distributor, Hersteller Oxford University Press,
Datum der Herstellung, der Veröffentlichung, des Vertriebs oder des Urheberschutzvermerks 2002.
300 ## - Physische Beschreibung
Umfang xxiii, 328 p. :
Andere physische Details ill. ;
Maße 25 cm.
336 ## - Inhaltstyp
Quelle rdacontent
Inhaltstypcode txt
Inhaltstypterm Text
337 ## - Medientyp
Quelle rdamedia
Medientypcode bc
Bezeichnung des Medientyps Computermedien
338 ## - Datenträgertyp
Quelle rdacarrier
Datenträgertypcode cr
Datenträgertypbezeichnung Online Ressource
504 ## - Fußnote zu Literaturverzeichnissen usw.
Fußnote zu Bibliographien usw. Includes bibliographical references (p. [309]-314), discography (p. [194]-254), and index.
505 0# - Fußnote zu strukturierten Inhaltsangaben
Fußnote zu strukturierten Inhaltsangaben Fantastic rhythm : the Pittsburgh years -- The renaissance of arranging : first works for and with Duke Ellington -- The Strayhorn effect : a new way of writing for jazz orchestra -- Thinking with the ear : Strayhorn's musical fingerprints -- Writing and arranging companion : credited and uncredited collaborations -- "He is he and I am me" : the Ellington-Strayhorn collaboration -- Wounded love : away from the Ellington organization -- Masterpieces by Strayhorn : writing for albums -- The whodunit game : the mature style of Billy Strayhorn -- North by southwest : the final years.
500 ## - Allgemeine Fußnote
Allgemeine Fußnote E-Book-ACLS / Zugriff nur im DHI-Lesesaal
500 ## - Allgemeine Fußnote
Allgemeine Fußnote American Council of Learned Societies/ https://www.humanitiesebook.org/about/
600 10 - Nebeneintragung unter einem Schlagwort - Personenname
Personenname Strayhorn, Billy
Allgemeine Unterteilung Criticism and interpretation.
Koha-Normdatenidentnummer 41503
830 #0 - Nebeneintragung unter dem Gesamttitel - Einheitstitel
Einheitstitel ACLS Humanities E-Book.
Koha-Normdatenidentnummer 41504
856 40 - Elektronische Adresse und Zugriff
OPAC-Notiz Volltext
URL <a href="https://hdl.handle.net/2027/heb05617">https://hdl.handle.net/2027/heb05617</a>
942 ## - Zusätzliche Felder (Koha)
Koha-Medientyp E-Books
Exemplare
Ausgeschieden Verloren Beschädigt Nicht entleihbar Heimatbibliothek Aufenthaltsbibliothek Aufstellungsort Erwerbungsdatum Inventarnummer Signatur Barcode Letzte Aktivität Preis gültig von Koha-Medientyp
        MWN Osteuropa MWN Osteuropa Online-Ressource 10/10/2023 23-e0ACLS E-23-e0ACLS 69127 10/10/2023 10/10/2023 E-Books